Famous Rocks and Stones - Statistics

General Stats
  • This quiz has been taken 221 times
  • The average score is 5 of 8
Answer Stats
Hint Rock % Correct
Stele inscribed with a text in three different scripts The Rosetta Stone
88%
Large sandstone formation in Australia's centre, also called Uluru Ayers Rock
80%
Marks the traditional site of the Mayflower Pilgrims' disembarkation Plymouth Rock
74%
Kissing it endows the kisser with the gift of the gab Blarney Stone
72%
Monolithic promontory near the southern tip of Iberia Rock of Gibraltar
61%
Wyoming butte featured in Close Encounters Devils Tower
35%
Used for centuries in the coronation of Scottish monarchs Stone of Scone
32%
Rock set into the eastern corner of the Kaaba in Mecca The Black Stone
21%
No matching quizzes found
Score Distribution
Percent of People with Each Score
Percentile by Number Answered
Your Score History
You have not taken this quiz